Central Library OPAC University of Rajshahi

The Bengal Agricultural Income-tax Act, 1944 : (Record no. 65395)

MARC details
000 -LEADER
fixed length control field 00678nam a2200205 a 4500
001 - CONTROL NUMBER
control field 65395
003 - CONTROL NUMBER IDENTIFIER
rucl marc code BD-RjUL
005 - DATE AND TIME OF LATEST TRANSACTION
control field 20211209081424.0
008 - FIXED-LENGTH DATA ELEMENTS--GENERAL INFORMATION
fixed length control field 170305s1956 b ||||| |||| 00| 0 eng d
035 ## - SYSTEM CONTROL NUMBER
System control number (BD-RjUL)65525
040 ## - CATALOGING SOURCE
Original cataloging agency BD-RjUL
Language of cataloging eng
Transcribing agency BD-RjUL
041 ## - LANGUAGE CODE
Language code of text/sound track or separate title eng
082 ## - DEWEY DECIMAL CLASSIFICATION NUMBER
Edition number 23
Classification number 336.22
Author mark and year EAB 1953
110 ## - MAIN ENTRY--CORPORATE NAME
Corporate name or jurisdiction name as entry element East Pakistan
9 (RLIN) 193525
245 10 - TITLE STATEMENT
Title The Bengal Agricultural Income-tax Act, 1944 :
Remainder of title (Bengal Act IV of 1944) ; as modified up to the 31st August, 1967. /
Statement of responsibility, etc. East Pakistan
260 ## - PUBLICATION, DISTRIBUTION, ETC. (IMPRINT)
Place of publication, distribution, etc. Dacca :
Name of publisher, distributor, etc. S. & G.A. Dept. in-charge,
Date of publication, distribution, etc. 1956.
300 ## - PHYSICAL DESCRIPTION
Pagination iii, 47 p. ;
Size 25 cm.
650 ## - SUBJECT ADDED ENTRY--TOPICAL TERM
Topical term or geographic name as entry element Income tax
Form subdivision Law and legislation
Geographic subdivision India
9 (RLIN) 176499
942 ## - ADDED ENTRY ELEMENTS (KOHA)
Source of classification or shelving scheme Dewey Decimal Classification
Koha item type Books
Holdings
Lost status Source of classification or shelving scheme Damaged status Not for loan Collection code Permanent Location Current Location Shelving location Date acquired Source of acquisition Total Checkouts Full call number Date last seen Copy number Koha item type
  Dewey Decimal Classification   Not For Loan Non-fiction Central Library, University of Rajshahi Central Library, University of Rajshahi Reading Room 04/02/1985 R.U.C.L.   336.22 EAB 1953 05/03/2017 C-1 Books